Science Quiz

Random Science or Continent Quiz

Animals by Continent Quiz Stats

Quiz Updated Aug 11, 2016

Challenge
Share
Tweet
Score 0/40 Timer 05:00
1 Play Today
% Correct
Asia
98.1%
Oceania
92.7%
Africa
91.4%
Africa
86.4%
Antarctica
84.7%
Africa
83.6%
Africa
82.3%
Asia
82.3%
Oceania
81.5%
North America
79.1%
Africa
74.8%
North America
73%
Oceania
70.3%
Oceania
66.6%
Oceania
65.2%
Africa
64.4%
South America
62.3%
Africa
58.8%
Asia
56.8%
Asia
55.4%
% Correct
Africa
55.4%
North America
55.1%
South America
53.6%
North America
50.2%
North America
48.1%
South America
47.9%
South America
47.3%
Europe
40.9%
Asia
34%
South America
32.1%
Europe
31.7%
Antarctica
31.2%
Africa
30.6%
North America
28.6%
South America
19.4%
Asia
16.9%
Asia
14.4%
South America
12.3%
Asia
10.9%
Asia
5.2%

You're not logged in!

Compare scores with friends on all Sporcle quizzes.
Join for Free
OR
Log In

You Might Also Like...

Show Comments

Extras

Top Quizzes Today


Score Distribution

Your Account Isn't Verified!

In order to create a playlist on Sporcle, you need to verify the email address you used during registration. Go to your Sporcle Settings to finish the process.

Report this User

Report this user for behavior that violates our Community Guidelines.

Details: